000 00344 a2200145 4500
001 73750
020 _a8590289710
040 _cAnchieta - Colégio São Paulo
240 1 0 _aRealidades versejadas em poetrix
_lpor
245 1 0 _aRealidades versejadas em poetrix
300 _a226
362 0 _a2002
650 4 _aPoesia brasileira
942 _cBK
999 _c73750
_d73750